Pays vainqueurs de la coupe du monde - Statistiques

Statistiques générales
  • Ce quiz a été pris 1 068 fois
  • Le résultat moyen est 9 sur 9
Statistiques - réponses
Réponse % Correct
France
100%
Brésil
99%
Allemagne
98%
Allemagne de l'Ouest
98%
Argentine
98%
Espagne
97%
Italie
96%
Angleterre
90%
Uruguay
89%
Aucun quiz correspondant
Distribution des résultats
% des personnes avec chaque résultat
Percentile par nombre de réponses
Votre historique - résultats
Vous n’avez pas pris ce quiz